(Aléatoire) Code-missions des trains en IDF - Statistiques

Statistiques générales
  • Ce quiz a été pris 202 fois
    110 depuis la dernière actualisation
  • Le résultat moyen est 8 sur 20
Statistiques - réponses
Ligne (RER) Code(s) mission Précisions / Particularité Provenance - Destination % Correct
B PIED ; PIER ; PILE ; PINA ; PINS ; PIPO ; PIRE ; PISE ; PIST ; PITA Direct entre Antony et Massy-Palaiseau et entre Bourg-la-Reine et La Croix de Berny et entre Cité Universitaire et Bourg-la-Reine Aéroport Charles-de-Gaulle 2 Saint-Rémy-lès-Chevreuse
100%
B POIN Direct entre Cité Universitaire et Bourg-la-Reine Aéroport Charles-de-Gaulle 2 Saint-Rémy-lès-Chevreuse
100%
D PIVA Direct entre Paris et Juvisy et via "La Vallée". Plusieurs provenances possibles, indiquez n'importe laquelle. Corbeil-Essonnes / Malesherbes Paris Lyon
100%
D LOPA Omnibus Corbeil-Essonnes Orry-la-Ville-Coye
100%
D UOPA Omnibus Corbeil-Essonnes Stade de France Saint-Denis
100%
J PAPE Omnibus Ermont-Eaubonne Paris-Saint-Lazare
100%
J PAMA Omnibus, circule uniquement le dimanche à 22h31 au départ. Gisors Paris-Saint-Lazare
100%
D ZACO Semi-direct, ne s'arrête pas à Villeneuve-Triage et Le Vert de Maisons. Goussainville Melun
100%
D ZACO Semi-direct, ne s'arrête pas à Villeneuve-Triage et Le Vert de Maisons Goussainville Melun
100%
U VERI Omnibus La Défense La Verrière
100%
A ORKA Omnibus La Défense Torcy
100%
U DEFI Omnibus La Verrière La Défense
100%
E MONY Omnibus Magenta Nanterre-la-Folie
100%
L POPU Omnibus Maisons-Laffitte Paris-Saint-Lazare
100%
D JOVA Omnibus Malesherbes Juvisy
100%
J PACE Direct entre Paris-Saint-Lazare et Argenteuil et entre Cormeilles-en-Parisis et Conflans-Sainte-Honorine Mantes-la-Jolie Paris-Saint-Lazare
100%
J PICA Direct entre Paris-Saint-Lazare et Argenteuil et entre Argenteuil et Conflans-Sainte-Honorine. Circule uniquement le samedi à 5h10 et 6h03 et le dimanche à 6h09 au départ. Mantes-la-Jolie Paris-Saint-Lazare
100%
J POLA Direct entre Paris-Saint-Lazare et Houilles-Carrières sur Seine, s'arrête exceptionnellement à Maisons-Laffitte et Sartrouville. Circule uniquement en semaine à 4h27 et 4h49 au départ, le samedi à 4h20 et le dimanche à 4h25. Mantes-la-Jolie Paris-Saint-Lazare
100%
A YEEN Direct entre Nanterre-Université et La Défense Marne-la-Vallée - Chessy Rueil-Malmaison
100%
A ZVAL Semi-direct, ne s'arrête pas à Val d'Europe, Lognes et Bry-sur-Marne Marne-la-Vallée - Chessy Saint-Germain-en-Laye
100%
B INCA ; INKE Omnibus Massy-Palaiseau Mitry-Claye
100%
P PICI Direct entre Paris-Est et Chelles - Gournay Meaux Paris-Est
100%
R KOHO Omnibus Melun Montereau
100%
D DICA Direct entre Villeneuve-Saint-Georges et Paris Gare de Lyon Melun Paris Gare de Lyon
100%
D UACA Semi-direct, ne s'arrête pas à Villeneuve-Triage et Le Vert de Maisons Melun Stade de France Saint-Denis
100%
E CONY Omnibus Nanterre - La Folie Chelles-Gournay
100%
E NOMY Omnibus Nanterre-la-Folie Magenta
100%
E TONU Omnibus Nanterre - La Folie Tournan
100%
E TANU Direct entre Noisy-Le-Sec et Val de Fontenay et entre Val de Fontenay et Villiers-sur-Marne Le Plessis-Trévise. Nanterre - La Folie Tournan
100%
L POPI Omnibus Nanterre-Université Paris-Saint-Lazare
100%
C BALI Direct entre Juvisy et Bibliothèque-François-Mitterrand Paris-Austerlitz Brétigny
100%
C MONA Omnibus. Plusieurs provenances possibles, indiquez n'importe laquelle. Paris Austerlitz / Montigny - Beauchamp / Pontoise Massy-Palaiseau
100%
P CITU Direct entre Paris-Est et Tournan Paris-Est Coulommiers
100%
P FYMO Direct entre Paris-Est et Meaux Paris-Est La Ferté-Milon
100%
N DAPA Direct entre Paris-Montparnasse et Versailles-Chantiers, entre Versailles et Plaisir-Grignon et semi-direct sur le reste de la mission, ne s'arrête pas à Villiers - Neauphle - Pontchartrain, Garancières - La Queue, Orgerus - Béhoust, Tacoignières - Richebourg et Marchezais - Broué. Paris-Montparnasse Dreux
100%
N MOPI Omnibus Paris-Montparnasse Mantes-la-Jolie
100%
N GOPI Omnibus Paris-Montparnasse Plaisir-Grignon
100%
N RIPI Direct entre Paris-Montparnasse et Viroflay-Rive-Gauche Paris-Montparnasse Rambouillet
100%
N ROPO Omnibus Paris-Montparnasse Rambouillet
100%
K KIPY Direct entre Mitry-Claye et Dammartin-Juilly-Saint-Mard et entre Nanteuil-le-Haudouin et Crépy-en-Valois Paris Nord Crépy-en-Valois
100%
H LEVA Direct entre Epinay-Villetaneuse et Sarcelles-Saint-Brice Paris-Nord Luzarches
100%
H PERA Semi-direct, ne s'arrête pas à Saint-Denis et Champ de courses d'Enghien, via Valmondois Paris-Nord Persan-Beaumont
100%
H PIXO Direct entre Epinay-Villetaneuse et Paris-Nord, via Valmondois Paris-Nord Persan-Beaumont
100%
H ODEA Semi-direct, ne s'arrête pas à Saint-Denis, La Barre - Ormesson et Champ de courses d'Enghien Paris-Nord Pontoise
100%
H SOGA Omnibus Paris-Nord Sarcelles-Saint-Brice
100%
J YECE Direct entre Paris-Saint-Lazare et Argenteuil et entre Val d'Argenteuil et Herblay Paris-Saint-Lazare Boissy l'Aillerie
100%
J GETA Direct entre Paris-Saint-Lazare et Argenteuil, entre Val d'Argenteuil et Herblay et entre Conflans-Sainte-Honorine et Pontoise Paris-Saint-Lazare Gisors
100%
J GENE Direct entre Paris-Saint-Lazare et Argenteuil et entre Val d'Argenteuil et La Frette-Montigny Paris-Saint-Lazare Gisors
100%
J GEXI Direct entre Paris-Saint-Lazare et Argenteuil et semi-direct sur le reste de la mission, ne s'arrête pas à Montgeroult-Courcelles, Santeuil-Le Perchay, Lavilletertre, Liancourt-Saint-Pierre et Trie-Château. Paris-Saint-Lazare Gisors
100%
J MOCA Direct entre Paris-Saint-Lazare et Argenteuil Paris-Saint-Lazare Mantes-la-Jolie
100%
J MILA Direct du départ à l'arrivée. Circule uniquement en semaine à 22h09 au départ. Paris-Saint-Lazare Mantes-la-Jolie
100%
L NOPE Omnibus Paris-Saint-Lazare Nanterre-Université
100%
J TANS Direct entre Paris-Saint-Lazare et Argenteuil et entre Val d'Argenteuil et La Frette-Montigny Paris-Saint-Lazare Pontoise
100%
J TORA Omnibus Paris-Saint-Lazare Pontoise
100%
L SEBU Direct entre Paris-Saint-Lazare et Bécon-les-Bruyères et entre Puteaux et Le Val d'Or. Paris-Saint-Lazare Saint-Nom-la-Bretèche - Forêt de Marly
100%
J VERN Direct entre Paris-Saint-Lazare et Mantes-la-Jolie Paris-Saint-Lazare Vernon-Giverny
100%
H AMEP Direct entre Epinay-Villetaneuse et Paris-Nord, via Valmondois Persan-Beaumont Paris-Nord
100%
A NOTE Omnibus Poissy Boissy-Saint-Léger
100%
H TSOL Omnibus, via la transversale Pontoise Creil
100%
H ADDO Semi-direct, ne s'arrête pas à La Barre - Ormesson et Champ de courses d'Enghien Pontoise Paris-Nord
100%
J PANS Direct entre Paris-Saint-Lazare et Argenteuil et entre Val d'Argenteuil et La Frette-Montigny Pontoise Paris-Saint-Lazare
100%
N PORO Omnibus Rambouillet Paris-Montparnasse
100%
N PYRA Direct entre Paris-Montparnasse et Versailles-Chantiers, entre Versailles et Saint-Quentin-en-Yvelines et entre SQY et Rambouillet. Circule uniquement en semaine à 7h27 au départ Rambouillet Paris-Montparnasse
100%
A QSUT Semi-direct, ne s'arrête pas à Bry-sur-Marne et Bussy-Saint-Georges Saint-Germain-en-Laye Marne-La-Vallée Chessy
100%
H AFOI Omnibus Saint-Leu-la-Forêt Paris-Nord
100%
C ORET Direct entre Juvisy et Bibliothèque-François-Mitterrand. Plusieurs provenances possibles, indiquez n'importe laquelle. Saint-Martin-d'Etampes / Dourdan-la-Forêt Musée d'Orsay
100%
C VETO Direct entre Brétigny et Juvisy et entre Juvisy et Bibliothèque-François-Mitterrand Saint-Martin-d'Etampes Versailles-Château-Rive-Gauche
100%
L PEBU Direct entre Paris-Saint-Lazare et Bécon-les-Bruyères et entre Puteaux et Le Val d'Or. Saint-Nom-la-Bretèche - Forêt de Marly Paris-Saint-Lazare
100%
C ELBA Direct entre Juvisy et Bibliothèque-François-Mitterrand. Plusieurs provenances possibles, indiquez n'importe laquelle. Saint-Quentin-en-Yvelines / Invalides / Musée d'Orsay Saint-Martin-d'Etampes
100%
B IDOR Omnibus Saint-Rémy-lès-Chevreuse Mitry-Claye
100%
C JILL Direct entre Juvisy et Choisy-le-Roi Versailles-Château-Rive-Gauche Juvisy
100%
L PASA Direct entre Asnières-sur-Seine et La Défense, entre La Défense et Suresnes-Mont-Valérien et entre Suresnes et Saint-Cloud Versailles-Rive-Droite Paris-Saint-Lazare
100%
P MICI Direct entre Paris-Est et Chelles - Gournay Paris-Est Meaux
80%
J PEMA Direct entre Paris-Saint-Lazare et Argenteuil, entre Conflans-Sainte-Honorine et Pontoise, entre Herblay et Val d'Argenteuil et semi-direct sur le reste de la mission, ne s'arrête pas à Montgeroult-Courcelles, Santeuil-Le Perchay, Lavilletertre, Liancourt-Saint-Pierre et Trie-Château. Gisors Paris-Saint-Lazare
75%
N PADA Direct entre Paris-Montparnasse et Versailles-Chantiers, entre Versailles et Plaisir-Grignon et semi-direct sur le reste de la mission, ne s'arrête pas à Villiers - Neauphle - Pontchartrain, Garancières - La Queue, Orgerus - Béhoust, Tacoignières - Richebourg et Marchezais - Broué. Dreux Paris-Montparnasse
67%
V CIME Omnibus Massy-Palaiseau Versailles-Chantiers
67%
R KUMO Direct entre Fontainebleau - Avon et Moret-Veneux-les-Sablons Paris Lyon Montereau
67%
N DAPO Direct entre Paris-Montparnasse et Versailles-Chantiers, entre Versailles et Plaisir-Grignon Paris-Montparnasse Dreux
67%
J TOCA Direct entre Paris-Saint-Lazare et Argenteuil Paris-Saint-Lazare Pontoise
67%
A NEGE ; NEMO ;NELY Omnibus Saint-Germain-en-Laye Boissy-Saint-Léger
67%
B PLAC ; PLIC ; PLOI ; PLOM Direct entre Antony et Massy-Palaiseau et entre Bourg-la-Reine et La Croix de Berny et entre Cité Universitaire et Bourg-la-Reine Mitry-Claye Saint-Rémy-lès-Chevreuse
60%
B KABE ; KALE ; KALI ; KANE ; KAPE ; KARE ; KARI ; KASE Direct entre Gare du Nord et Aulnay-sous-Bois et entre Aulnay-sous-Bois et Aéroport Charles-de-Gaulle 1 Aéroport Charles-de-Gaulle 2 Massy-Palaiseau
50%
J PECE Direct entre Paris-Saint-Lazare et Argenteuil, entre Conflans-Sainte-Honorine et Pontoise, entre Herblay et Val d'Argenteuil Boissy l'Aillerie Paris-Saint-Lazare
50%
E NOCY Omnibus Chelles-Gournay Nanterre - La Folie
50%
J PARA Direct entre Paris-Saint-Lazare et Argenteuil et entre Herblay et Cormeilles-en-Parisis Conflans-Sainte-Honorine Paris-Saint-Lazare
50%
D LOPE Direct entre Grigny-Centre et Juvisy. Corbeil-Essonnes Orry-la-Ville-Coye
50%
B EAST Omnibus Denfert-Rochereau Aéroport Charles-de-Gaulle 2
50%
N PADO Direct entre Paris-Montparnasse et Versailles-Chantiers, entre Versailles et Plaisir-Grignon Dreux Paris-Montparnasse
50%
P RIME Direct sans arrêt Esbly Crécy-la-Chapelle
50%
J PATO Direct entre Paris-Saint-Lazare et Argenteuil et semi-direct sur le reste de la mission, ne s'arrête pas à Cormeilles-en-Parisis, Montgeroult-Courcelles, Santeuil-Le Perchay, Lavilletertre, Liancourt-Saint-Pierre et Trie-Château. Gisors Paris-Saint-Lazare
50%
J PETA Direct entre Paris-Saint-Lazare et Argenteuil, entre Conflans-Sainte-Honorine et Pontoise et entre Herblay et Val d'Argenteuil Gisors Paris-Saint-Lazare
50%
J PULE Direct entre Paris-Saint-Lazare et Argenteuil et semi-direct sur le reste de la mission, ne s'arrête pas à Montgeroult-Courcelles et Santeuil-Le Perchay. Circule uniquement en semaine à 5h15 et le samedi à 8h03 au départ Gisors Paris-Saint-Lazare
50%
C SARA Direct entre Juvisy et Bibliothèque-François-Mitterrand. Plusieurs provenances possibles, indiquez n'importe laquelle. Invalides / Musée d'Orsay / Saint-Martin-d'Etampes / Dourdan-la-Forêt Saint-Quentin-en-Yvelines
50%
C NORA Omnibus. Plusieurs provenances possibles, indiquez n'importe laquelle. Invalides / Pont-de-Rungis - Aéroport d'Orly / Massy - Palaiseau Pontoise
50%
J PILA Direct entre Paris-Saint-Lazare et Poissy Les Mureaux Paris-Saint-Lazare
50%
A QCOQ Direct entre Noisiel et Torcy Le Vésinet-Le Pecq Marne-La-Vallée Chessy
50%
A QOKA Omnibus Le Vésinet - Le Pecq Marne-La-Vallée Chessy
50%
J PUCA Direct entre Paris-Saint-Lazare et Argenteuil Mantes-la-Jolie Paris-Saint-Lazare
50%
A UPIR ; UPUS ; UPAC Omnibus Marne-La-Vallée Chessy Cergy-Le-Haut
50%
A ZULI ; ZUMO ; ZUPE ; ZURE Omnibus Marne-la-Vallée - Chessy Saint-Germain-en-Laye
50%
B ERAN ; ERAS ; ERBE ; ERIC ; ERIO ; EROC ; ERSE ; ERTE ; ERUK Direct entre Gare du Nord et Aulnay-sous-Bois et entre Aulnay-sous-Bois et Aéroport Charles-de-Gaulle 1 Massy-Palaiseau Aéroport Charles-de-Gaulle 2
50%
P FOMO Omnibus Meaux La Ferté-Milon
50%
D JUVA Omnibus Melun Juvisy
50%
D DACA Semi-direct, ne s'arrête pas à Villeneuve-Triage et Le Vert de Maisons. Melun Paris Gare de Lyon
50%
D DOCA Omnibus Melun Paris Gare de Lyon
50%
B PAGE ; PAUL Direct entre Le Guichet et Massy - Palaiseau, entre Antony et Massy-Palaiseau et entre Bourg-la-Reine et Antony Mitry-Claye Saint-Rémy-lès-Chevreuse
50%
R PUMA Omnibus Montereau Paris Lyon
50%
H AOSA Omnibus Montsoult - Maffliers Paris-Nord
50%
C DEBA Direct entre Juvisy et Bibliothèque-François-Mitterrand Musée d'Orsay Dourdan
50%
P XIBU Direct entre Paris-Est et Verneuil-l'Étang Paris-Est Provins
50%
D ZICO Direct entre Villeneuve-Saint-Georges et Paris Gare de Lyon Paris Gare de Lyon Melun
50%
D RIVO Direct entre Paris et Juvisy et via "La Vallée". 1 départ par jour. Paris Lyon Corbeil-Essonnes
50%
N VOPI Omnibus, circulant en tant que dernier train au départ vers 1h. Paris-MontparnasseVersailles-Chantiers
50%
K KEPY Omnibus Paris Nord Crépy-en-Valois
50%
H OPAC Direct entre Ermont - Eaubonne et Enghien-les-Bains Paris-Nord Pontoise
50%
H FOGI Omnibus Paris-Nord Saint-Leu-la-Forêt
50%
H VOBA Omnibus Paris-Nord Valmondois
50%
J YECU Direct entre Paris-Saint-Lazare et Argenteuil et entre Val d'Argenteuil et La Frette-Montigny Paris-Saint-Lazare Boissy l'Aillerie
50%
J CARA Direct entre Paris-Saint-Lazare et Argenteuil et entre Cormeilles-en-Parisis et Herblay Paris-Saint-Lazare Conflans-Sainte-Honorine
50%
J COPO Omnibus Paris-Saint-Lazare Conflans-Sainte-Honorine
50%
J EAPE Omnibus Paris-Saint-Lazare Ermont-Eaubonne
50%
J GEMA Direct entre Paris-Saint-Lazare et Argenteuil, entre Val d'Argenteuil et Herblay et entre Conflans-Sainte-Honorine et Pontoise et semi-direct sur le reste de la mission, ne s'arrête pas à Montgeroult-Courcelles, Santeuil-Le Perchay, Lavilletertre, Liancourt-Saint-Pierre et Trie-Château. Paris-Saint-Lazare Gisors
50%
J GOCA Direct entre Paris-Saint-Lazare et Argenteuil Paris-Saint-Lazare Gisors
50%
J MOGA Direct entre Paris-Saint-Lazare et Houilles-Carrières sur Seine, s'arrête exceptionnellement à Maisons-Laffitte et Sartrouville. Circule uniquement les nuits du week-end à 1h03 au départ. Paris-Saint-Lazare Mantes-la-Jolie
50%
L SILS Direct entre Paris et Saint-Cloud en desservant La Défense. Paris-Saint-Lazare Saint-Nom-la-Bretêche Forêt-de-Marly
50%
L VOLA Omnibus Paris-Saint-Lazare Versailles-Rive-Droite
50%
H ADEP Direct entre Epinay-Villetaneuse et Sarcelles-Saint-Brice, via Montsoult-Maffliers Persan-Beaumont Paris-Nord
50%
J MOLE Omnibus. Circule uniquement le week-end à 5h07 au départ. Poissy Mantes-la-Jolie
50%
C ZORA Omnibus. Plusieurs provenances possibles, indiquez n'importe laquelle. Pont-de-Rungis-Aéroport-d'Orly / Massy-Palaiseau Paris-Austerlitz
50%
C LOLA Omnibus. Plusieurs provenances possibles, indiquez n'importe laquelle. Pontoise / Montigny - Beauchamp / Saint-Quentin-en-Yvelines Invalides
50%
H APOR Omnibus Pontoise Paris-Nord
50%
J PACA Direct entre Paris-Saint-Lazare et Argenteuil Pontoise Paris-Saint-Lazare
50%
A QTIL Semi-direct, ne s'arrête pas à Nanterre-Préfecture, Noisiel et Bussy-Saint-Georges Rueil-Malmaison Marne-La-Vallée Chessy
50%
A OHME Semi-direct, ne s'arrête pas à Nanterre-Préfecture et Noisiel Rueil-Malmaison Torcy
50%
A OVAL Omnibus Rueil-Malmaison Torcy
50%
A QMAR Semi-direct, ne s'arrête pas à Neuilly-Plaisance et Lognes Saint-Germain-en-Laye Marne-La-Vallée Chessy
50%
A QNOR Semi-direct, ne s'arrête pas à Noisiel et Bry-sur-Marne Saint-Germain-en-Laye Marne-La-Vallée Chessy
50%
L PALS Direct entre Paris et Saint-Cloud en desservant La Défense. Saint-Nom-la-Bretêche Forêt-de-Marly Paris-Saint-Lazare
50%
H AEVI Direct entre Valmondois et Saint-Leu-la-Forêt Valmondois Paris-Nord
50%
J PAVE Direct entre Paris-Saint-Lazare et Mantes-la-Jolie Vernon-Giverny Paris-Saint-Lazare
50%
J POLO Direct entre Paris-Saint-Lazare et Houilles-Carrières sur Seine Vernon-Giverny Paris-Saint-Lazare
50%
V MICK Omnibus Versailles-Chantiers Massy-Palaiseau
50%
C JUJU Direct entre Les Ardoines et Bibliothèque-François-Mitterrand Versailles-Château-Rive-Gauche Juvisy
50%
B JANO Direct entre Gare du Nord et Aulnay-sous-Bois et entre Aulnay-sous-Bois et Aéroport Charles-de-Gaulle 1 Aéroport Charles-de-Gaulle 2 Denfert-Rochereau
33%
B KISS Direct entre Cité Universitaire et Bourg-la-Reine Aéroport Charles-de-Gaulle 2 Massy-Palaiseau
33%
A UZAR ; UZIN ; UZEL Omnibus Boissy-Saint-Léger Cergy-Le-Haut
33%
C ZANI Direct entre Juvisy et Choisy-le-Roi Brétigny Paris-Austerlitz
33%
D UOPE Direct entre Grigny-Centre et Juvisy. Corbeil-Essonnes Stade de France Saint-Denis
33%
D VOPA Omnibus Corbeil-Essonnes Villiers-le-Bel-Gonesse-Arnouville
33%
D VUPA Semi-direct, ne s'arrête pas à Villeneuve-Triage et Le Vert de Maisons Corbeil-Essonnes Villiers-le-Bel-Gonesse-Arnouville
33%
P PITU Direct entre Paris-Est et Tournan Coulommiers Paris-Est
33%
A QGAN Semi-direct, ne s'arrête pas à Bry-sur-Marne et Bussy-Saint-Georges Le Vésinet - Le Pecq Marne-La-Vallée Chessy
33%
J PALE Direct entre Paris-Saint-Lazare et Houilles-Carrières sur Seine Mantes-la-Jolie Paris-Saint-Lazare
33%
A ZBRA Semi-direct, ne s'arrête pas à Bussy-Saint-Georges et Noisiel Marne-la-Vallée - Chessy Saint-Germain-en-Laye
33%
B ETOU Direct entre Cité Universitaire et Bourg-la-Reine Massy-Palaiseau Aéroport Charles-de-Gaulle 2
33%
P ZIMO Direct entre Paris-Est et Meaux Paris-Est Château-Thierry
33%
H ADEO Semi-direct, ne s'arrête pas à Saint-Denis, La Barre - Ormesson et Champ de courses d'Enghien Pontoise Paris-Nord
33%
A QBIK Direct entre Noisiel et Torcy Saint-Germain-en-Laye Marne-La-Vallée Chessy
33%
A OBUT Omnibus Saint-Germain-en-Laye Torcy
33%
A ONIX Direct entre Nanterre-Université et La Défense Saint-Germain-en-Laye Torcy
33%
L POSA Omnibus Saint-Nom-la-Bretèche - Forêt de Marly Paris-Saint-Lazare
33%
B IBEN Direct entre Cité Universitaire et Bourg-la-Reine Saint-Rémy-lès-Chevreuse Mitry-Claye
33%
A ZODE Omnibus Torcy Saint-Germain-en-Laye
33%
E NOTU Omnibus Tournan Nanterre - La Folie
33%
L POVA Omnibus Versailles-Rive-Droite Paris-Saint-Lazare
29%
D JAVA Omnibus, via la Vallée Corbeil-Essonnes Juvisy
25%
B KFAR . KFON . KFRE . KFTE Omnibus Mitry-Claye Massy-Palaiseau
25%
A OKLA ; OKRE Omnibus Poissy Torcy
25%
C FOOT Omnibus Pontoise Bibliothèque-François-Mitterrand
25%
B EZIP Direct entre Gare du Nord et Aulnay-sous-Bois et entre Aulnay-sous-Bois et Aéroport Charles-de-Gaulle 1 Robinson Aéroport Charles-de-Gaulle 2
20%
B ULMS Direct entre Gare du Nord et Aulnay-sous-Bois et entre Aulnay-sous-Bois et Aéroport Charles-de-Gaulle 1 Aéroport Charles-de-Gaulle 2 Laplace
0%
B USER Omnibus Aéroport Charles-de-Gaulle 2 Laplace
0%
B KOCQ Omnibus Aéroport Charles-de-Gaulle 2 Massy-Palaiseau
0%
B LORD ; LORE ; LOVE . LOUP Semi-direct, ne s'arrête pas à Parc de Sceaux et Massy-Verrières Aéroport Charles-de-Gaulle 2 Orsay-Ville
0%
B PPIT Direct entre Antony et Massy-Palaiseau et entre Bourg-la-Reine et La Croix de Berny Aéroport Charles-de-Gaulle 2 Saint-Rémy-lès-Chevreuse
0%
B PQUL Direct entre Gare du Nord et Aulnay-sous-Bois et entre Aulnay-sous-Bois et Aéroport Charles-de-Gaulle 1 Aéroport Charles-de-Gaulle 2 Saint-Rémy-lès-Chevreuse
0%
B PUMA Omnibus Aéroport Charles-de-Gaulle 2 Saint-Rémy-lès-Chevreuse
0%
J PERA Omnibus, circule uniquement à 4h52 au départ. Argenteuil Paris-Saint-Lazare
0%
B SAXO Omnibus Aulnay-sous-Bois Robinson
0%
B PROC Direct entre Antony et Massy-Palaiseau et entre Bourg-la-Reine et La Croix de Berny et entre Cité Universitaire et Bourg-la-Reine Aulnay-sous-Bois Saint-Rémy-lès-Chevreuse
0%
J PECU Direct entre Paris-Saint-Lazare et Argenteuil et entre Val d'Argenteuil et La Frette-Montigny Boissy l'Aillerie Paris-Saint-Lazare
0%
J POCI Direct entre Paris-Saint-Lazare et Argenteuil Boissy l'Aillerie Paris-Saint-Lazare
0%
A TAXE ; TAPI Omnibus Boissy-Saint-Léger Poissy
0%
A ZEBU ; ZEMA ; ZEUS Omnibus Boissy-Saint-Léger Saint-Germain-en-Laye
0%
C LULU Direct entre Juvisy et Choisy-le-Roi et semi-direct sur le reste du parcours, sans arrêt aux Ardoines. Circule uniquement en semaine à 8h19 et 8h34 au départ. Brétigny Invalides
0%
C NICO Direct entre Juvisy et Choisy-le-Roi et semi-direct sur le reste du parcours, sans arrêt aux Ardoines. Circule uniquement en semaine à 6h49 et 7h04 au départ. Brétigny Pontoise
0%
C NARA Direct entre Juvisy et Bibliothèque-François-Mitterrand Brétigny Pontoise
0%
A NATO ; NANI ; NAJA OmnibusLe train NAJA22 est un train additionnel ajouté fin août 2022. Circule uniquement en semaine à 7h34 au départ Cergy-Le-Haut Boissy-Saint-Léger
0%
A QYAN ; QYLT ; QYRO Omnibus Cergy-Le-Haut Marne-La-Vallée Chessy
0%
L PEGE Direct entre Achères-Ville et Sartrouville Cergy-le-Haut Paris-Saint-Lazare
0%
L POPE Omnibus Cergy-le-Haut Paris-Saint-Lazare
0%
A OPPE ; OPUS ; OPEN Omnibus Cergy-Le-Haut Torcy
0%
P PIMO Direct entre Paris-Est et Meaux Château-Thierry Paris-Est
0%
C ELAO Direct entre Brétigny et Juvisy et entre Juvisy et Bibliothèque-François-Mitterrand Chaville-Vélizy Saint-Martin-d'Etampes
0%
J PICU Direct entre Paris-Saint-Lazare et Argenteuil Conflans-Sainte-Honorine Paris-Saint-Lazare
0%
J POCO Omnibus Conflans-Sainte-Honorine Paris-Saint-Lazare
0%
D SOPA Omnibus Corbeil-Essonnes Creil
0%
D SOPE Direct entre Grigny-Centre et Juvisy. Corbeil-Essonnes Creil
0%
D ZOSO Omnibus via la Vallée Corbeil-Essonnes Melun
0%
D UUPA Semi-direct, ne s'arrête pas à Villeneuve-Triage et Le Vert de Maisons Corbeil-Essonnes Stade de France Saint-Denis
0%
D VOPE Direct entre Grigny-Centre et Juvisy. Corbeil-Essonnes Villiers-le-Bel-Gonesse-Arnouville
0%
P EICE Omnibus Crécy-la-Chapelle Esbly
0%
P EIME Direct sans arrêt Crécy-la-Chapelle Esbly
0%
H TEGA Omnibus, circule uniquement en semaine à 21:50 au départ, via la transversale Creil Persan-Beaumont
0%
H TOLI Omnibus, via la transversale Creil Pontoise
0%
K AEKY Omnibus Crépy-en-Valois Paris Nord
0%
K AIKY Direct entre Mitry-Claye et Dammartin-Juilly-Saint-Mard et entre Nanteuil-le-Haudouin et Crépy-en-Valois Crépy-en-Valois Paris Nord
0%
B EDME Direct entre Gare du Nord et Aulnay-sous-Bois et entre Aulnay-sous-Bois et Aéroport Charles-de-Gaulle 1 Denfert-Rochereau Aéroport Charles-de-Gaulle 2
0%
C KOBE Direct entre Brétigny et Epinay-sur-Orge, et entre Juvisy et Bibliothèque-François-Mitterrand. Plusieurs provenances possibles, indiquez n'importe laquelle. Dourdan / Bibliothèque François Mitterrand Chaville-Vélizy
0%
C LARA Direct entre Juvisy et Bibliothèque-François-Mitterrand Dourdan-la-Forêt Invalides
0%
C SORO Direct entre Brétigny et Epinay-sur-Orge, et entre Juvisy et Bibliothèque-François-Mitterrand, circule uniquement en semaine à 8h16 au départ. Dourdan Saint-Quentin-en-Yvelines
0%
H POTA Omnibus, circule en extrême soirée uniquement, via Valmondois Ermont-Eaubonne Persan-Beaumont
0%
P RICE Omnibus Esbly Crécy-la-Chapelle
0%
J PENE Direct entre Paris-Saint-Lazare et Argenteuil et entre Val d'Argenteuil et La Frette-Montigny Gisors Paris-Saint-Lazare
0%
J POCA Direct entre Paris-Saint-Lazare et Argenteuil Gisors Paris-Saint-Lazare
0%
C GOTA Omnibus. Plusieurs provenances possibles, indiquez n'importe laquelle. Invalides / Pont-de-Rungis - Aéroport d'Orly / Massy - Palaiseau Montigny-Beauchamp
0%
D ROVO Omnibus, via la Vallée Juvisy Corbeil-Essonnes
0%
D BOVO Omnibus Juvisy Malesherbes
0%
D ZOVO Omnibus via la Vallée Juvisy Melun
0%
C NAJA Direct entre Les Ardoines et Bibliothèque-François-Mitterrand, circule uniquement en semaine à 6h42 au départ Juvisy Pontoise
0%
C SIRI Direct entre Les Ardoines et Bibliothèque-François-Mitterrand Juvisy Saint-Quentin-en-Yvelines
0%
C SICA Direct entre Choisy-le-Roi et Bibliothèque-François-Mitterrand Juvisy Saint-Quentin-en-Yvelines
0%
C VACK Direct entre Les Ardoines et Bibliothèque-François-Mitterrand Juvisy Versailles-Château-Rive-Gauche
0%
A NICO Omnibus La Défense Boissy-Saint-Léger
0%
A QDIL Semi-direct, ne s'arrête pas à Neuilly-Plaisance et Lognes La Défense Marne-La-Vallée Chessy
0%
A QZOL Omnibus La Défense Marne-La-Vallée Chessy
0%
A OMAX Semi-direct, ne s'arrête pas à Neuilly-Plaisance et Lognes La Défense Torcy
0%
P MOFO Omnibus La Ferté-Milon Meaux
0%
P PUMO Direct entre Paris-Est et Meaux La Ferté-Milon Paris-Est
0%
B EGRE Omnibus Laplace Aéroport Charles-de-Gaulle 2
0%
B IALE Omnibus Laplace Mitry-Claye
0%
B KENT ; KERN Direct entre Antony et Les Baconnets La Plaine-Stade de France Massy-Palaiseau
0%
A QJON Direct entre Neuilly-Plaisance et Noisy-Le-Grand Mont d'Est Le Vésinet - Le Pecq Marne-La-Vallée Chessy
0%
A QKOU Semi-direct, ne s'arrête pas à Noisiel et Bussy-Saint-Georges Le Vésinet - Le Pecq Marne-La-Vallée Chessy
0%
A ODAR Omnibus Le Vésinet-Le Pecq Torcy
0%
H ADEL Direct entre Paris-Nord et Sarcelles-Saint-Brice Luzarches Paris-Nord
0%
H AVEL Direct entre Epinay-Villetaneuse et Sarcelles-Saint-Brice Luzarches Paris-Nord
0%
H AOLA Omnibus Luzarches Paris-Nord
0%
N POMI Omnibus Mantes-la-Jolie Paris-Montparnasse
0%
J PACK Direct entre Paris-Saint-Lazare et Argenteuil et semi-direct sur le reste de la mission, ne s'arrête pas à Val d'Argenteuil, La Frette - Montigny et Herblay Mantes-la-Jolie Paris-Saint-Lazare
0%
J PELE Direct entre Paris-Saint-Lazare et Houilles-Carrières sur Seine et semi-direct sur le reste de la mission, ne s'arrête pas à Poissy, Villennes-sur-Seine et Les Clairières de Verneuil Mantes-la-Jolie Paris-Saint-Lazare
0%
A BORA Semi-direct, ne s'arrête pas à Neuilly-Plaisance et Noisiel Marne-La-Vallée Chessy La Défense
0%
A XANO Direct entre Neuilly-Plaisance et Noisy-Le-Grand Mont d'Est Marne-la-Vallée - Chessy Le Vésinet - Le Pecq
0%
A XILO Omnibus Marne-la-Vallée - Chessy Le Vésinet - Le Pecq
0%
A XURA Direct entre Torcy et Val d'Europe Marne-la-Vallée - Chessy Le Vésinet - Le Pecq
0%
A TETE ; TEDI ; TERI Omnibus Marne-La-Vallée Chessy Poissy
0%
A YSTO Semi-direct, ne s'arrête pas à Bussy-Saint-Georges, Noisiel et Nanterre-Préfecture Marne-la-Vallée - Chessy Rueil-Malmaison
0%
A YVAN Omnibus Marne-la-Vallée - Chessy Rueil-Malmaison
0%
A ZCAR Direct entre Neuilly-Plaisance et Noisy-Le-Grand Mont d'Est Marne-la-Vallée - Chessy Saint-Germain-en-Laye
0%
A ZITA Semi-direct, ne s'arrête pas à Neuilly-Plaisance et Lognes Marne-la-Vallée - Chessy Saint-Germain-en-Laye
0%
A ZJIR Semi-direct, ne s'arrête pas à Neuilly-Plaisance et Noisiel Marne-la-Vallée - Chessy Saint-Germain-en-Laye
0%
A ZTOR Semi-direct, ne s'arrête pas à Bry-sur-Marne et Lognes Marne-la-Vallée - Chessy Saint-Germain-en-Laye
0%
B ECCI ; ECCO Omnibus Massy-Palaiseau Aéroport Charles-de-Gaulle 2
0%
B IRIS ; IRMA ; IRON ; IRUS Direct entre Antony et Les Baconnets Massy-Palaiseau Mitry-Claye
0%
D ROSA Omnibus Melun Corbeil-Essonnes
0%
D FACA Semi-direct, ne s'arrête pas à Villeneuve-Triage et Le Vert de Maisons. Melun Goussainville
0%
D PICA Direct entre Lieusaint-Moissy et Paris Gare de Lyon Melun Paris Gare de Lyon
0%
B KLAC ; KLEE Direct entre Antony et Les Baconnets Mitry-Claye Massy-Palaiseau
0%
B SOIR ; SOLE ; SOME ; SORI ; SORT ; SOSI ; SOSO ; SOTE ; SOUR ; SOUS Omnibus Mitry-Claye Robinson
0%
B PGAZ ; PGUY Direct entre Le Guichet et Palaiseau, entre Antony et Massy-Palaiseau et entre Bourg-la-Reine et La Croix de Berny Mitry-Claye Saint-Rémy-lès-Chevreuse
0%
R POMA Omnibus Montargis Paris Lyon
0%
R POME Direct entre Moret-Veneux-les-Sablons et Nemours - Saint-Pierre, entre Nemours et Souppes - Château-Landon et entre Souppes et Montargis. Montargis Paris Lyon
0%
R ZOHA Omnibus Montereau Melun
0%
R KAMO Omnibus, circule uniquement le samedi à 23h46 et 0h35 et le dimanche à 23h46 et 0h46 au départ Montereau Paris Lyon
0%
C BOBA Direct entre Juvisy et Choisy-le-Roi Montigny-Beauchamp Brétigny
0%
E TINU Direct entre Val de Fontenay et Rosa-Parks et entre Val de Fontenay et Villiers-sur-Marne Le Plessis-Trévise Nanterre - La Folie Tournan
0%
E VONY Omnibus Nanterre - La Folie Villiers-sur-Marne Le Plessis-Trévise
0%
D ROPE Direct entre Grigny-Centre et Juvisy. Orry-la-Ville-Coye Corbeil-Essonnes
0%
D ROPO Omnibus Orry-la-Ville-Coye Corbeil-Essonnes
0%
B EFOR Direct entre Gare du Nord et Aulnay-sous-Bois et entre Aulnay-sous-Bois et Aéroport Charles-de-Gaulle 1 Orsay-Ville Aéroport Charles-de-Gaulle 2
0%
B EMIR ; EMMA ; EMMY ; EMUE Semi-direct, ne s'arrête pas à Parc de Sceaux et Massy-Verrières Orsay-Ville Aéroport Charles-de-Gaulle 2
0%
C ROMI Omnibus. Plusieurs provenances possibles, indiquez n'importe laquelle. Paris Austerlitz / Montigny - Beauchamp / Pontoise Pont-de-Rungis - Aéroport d'Orly
0%
D BIVO Direct entre Paris et Juvisy et via "La Vallée". Paris Lyon Malesherbes
0%
R GAMO Omnibus Paris Lyon Montargis
0%
R GAME Direct entre Moret-Veneux-les-Sablons et Nemours - Saint-Pierre, entre Nemours et Souppes - Château-Landon et entre Souppes et Montargis. Paris Lyon Montargis
0%
R GOMO Omnibus + desserte de Fontainebleau-Forêt, circule uniquement le week-end à 8h16 et 9h16 au départ. Paris Lyon Montargis
0%
N RYPA Direct entre Paris-Montparnasse et Versailles-Chantiers, entre Versailles et Saint-Quentin-en-Yvelines et entre SQY et Rambouillet. Circule uniquement en semaine à 7h27 au départ Paris-Montparnasse Rambouillet
0%
B EEVE Omnibus Paris Nord Aéroport Charles-de-Gaulle 2
0%
D SOLA Omnibus Paris Nord Creil
0%
D FOLA Omnibus Paris Nord Goussainville
0%
H LEMI Direct entre Paris-Nord et Sarcelles-Saint-Brice Paris-Nord Luzarches
0%
H LOMI Omnibus Paris-Nord Luzarches
0%
B IERE Omnibus Paris Nord Mitry-Claye
0%
H MOSA Omnibus Paris-Nord Montsoult - Maffliers
0%
H PEDA Direct entre Epinay-Villetaneuse et Sarcelles-Saint-Brice, via Montsoult-Maffliers Paris-Nord Persan-Beaumont
0%
H PEMI Direct entre Paris-Nord et Sarcelles-Saint-Brice, via Montsoult-Maffliers Paris-Nord Persan-Beaumont
0%
H POMA Omnibus, via Montsoult-Maffliers Paris-Nord Persan-Beaumont
0%
H POVA Omnibus, via Valmondois Paris-Nord Persan-Beaumont
0%
H ODDA Semi-direct, ne s'arrête pas à La Barre - Ormesson et Champ de courses d'Enghien Paris-Nord Pontoise
0%
H OPOC Omnibus Paris-Nord Pontoise
0%
H VERA Semi-direct, ne s'arrête pas à Saint-Denis et Champ de courses d'Enghien Paris-Nord Valmondois
0%
H VEVI Direct entre Valmondois et Saint-Leu-la-Forêt Paris-Nord Valmondois
0%
J YOLA Direct entre Paris-Saint-Lazare et Argenteuil Paris-Saint-Lazare Boissy l'Aillerie
0%
L UEGE Direct entre Achères-Ville et Sartrouville Paris-Saint-Lazare Cergy-le-Haut
0%
L UOPY Omnibus Paris-Saint-Lazare Cergy-le-Haut
0%
J COKA Direct entre Paris-Saint-Lazare et Argenteuil Paris-Saint-Lazare Conflans-Sainte-Honorine
0%
J GULE Direct entre Paris-Saint-Lazare et Argenteuil et semi-direct sur le reste de la mission, ne s'arrête pas à Montgeroult-Courcelles et Santeuil-Le Perchay.Circule uniquement le samedi à 7h07 au départ. Paris-Saint-Lazare Gisors
0%
J LOLA Direct entre Paris-Saint-Lazare et Poissy Paris-Saint-Lazare Les Mureaux
0%
L FOPE Omnibus Paris-Saint-Lazare Maisons-Laffitte
0%
J MALA Direct entre Paris-Saint-Lazare et Houilles-Carrières sur Seine Paris-Saint-Lazare Mantes-la-Jolie
0%
J MELU Direct entre Paris-Saint-Lazare et Houilles-Carrières sur Seine et semi-direct sur le reste de la mission, ne s'arrête pas à Poissy, Villennes-sur-Seine et Les Clairières de Verneuil Paris-Saint-Lazare Mantes-la-Jolie
0%
J MICE Direct entre Paris-Saint-Lazare et Argenteuil et semi-direct sur le reste de la mission, ne s'arrête pas à Val d'Argenteuil, Herblay et La Frette-Montigny. Paris-Saint-Lazare Mantes-la-Jolie
0%
L SOPA Omnibus Paris-Saint-Lazare Saint-Nom-la-Bretèche - Forêt de Marly
0%
J JOLE Direct entre Paris-Saint-Lazare et Houilles-Carrières sur Seine Paris-Saint-Lazare Vernon-Giverny
0%
L VASA Direct entre Asnières-sur-Seine et La Défense, entre La Défense et Suresnes-Mont-Valérien et entre Suresnes et Saint-Cloud Paris-Saint-Lazare Versailles-Rive-Droite
0%
H TZEB Omnibus circule uniquement en semaine à 05:43 au départ, via la transversale Persan-Beaumont Creil
0%
H ASSA Direct entre Paris-Nord et Sarcelles-Saint-Brice, via Montsoult-Maffliers Persan - Beaumont Paris-Nord
0%
H AOMA Omnibus, via Montsoult-Maffliers Persan-Beaumont Paris-Nord
0%
H AREP Semi-direct, ne s'arrête pas à Saint-Denis et Champ de courses d'Enghien, via Valmondois Persan-Beaumont Paris-Nord
0%
H AVOP Omnibus, via Valmondois Persan-Beaumont Paris-Nord
0%
H TIMA Omnibus, via la transversale Persan-Beaumont Pontoise
0%
N POGI Omnibus Plaisir-Grignon Paris-Montparnasse
0%
A QUDO ; QURE ; QURI Omnibus Poissy Marne-La-Vallée Chessy
0%
J VERP Omnibus. Circule uniquement en semaine à 5h11 au départ. Poissy Vernon-Giverny
0%
H ADOC Direct entre Ermont - Eaubonne et Enghien-les-Bains Pontoise Paris-Nord
0%
J PANU Omnibus, circule uniquement le samedi à 23h14 et 23h36 et le dimanche à 23h36 au départ. Pontoise Paris-Saint-Lazare
0%
H TRIA Omnibus, via la transversale Pontoise Persan-Beaumont
0%
P PIBU Direct entre Paris-Est et Verneuil-l'Étang Provins Paris-Est
0%
N PIRI Direct entre Paris-Montparnasse et Viroflay-Rive-Gauche Rambouillet Paris-Montparnasse
0%
B ELAN ; ELEC ; ELFE ; ELOI Omnibus Robinson Aéroport Charles-de-Gaulle 2
0%
B QADO Omnibus Robinson La Plaine-Stade de France
0%
B ILAN ; ILAR ; ILAS ; ILON ; ILOT ; ILOU ; ILTA ; ILUK ; ILUS Omnibus Robinson Mitry-Claye
0%
A QHAR Omnibus Rueil-Malmaison Marne-La-Vallée Chessy
0%
A QPID Semi-direct, ne s'arrête pas à Noisiel et Bry-sur-Marne Rueil-Malmaison Marne-La-Vallée Chessy
0%
A ZWIC Omnibus Rueil-Malmaison Saint-Germain-en-Laye
0%
A OFIS Direct entre Nanterre-Université et La Défense Rueil-Malmaison Torcy
0%
A QAVE Semi-direct, ne s'arrête pas à Noisiel et Bussy-Saint-Georges Saint-Germain-en-Laye Marne-La-Vallée Chessy
0%
A QENO Direct entre Nanterre-Université et La Défense Saint-Germain-en-Laye Marne-La-Vallée Chessy
0%
A QIWI ; QIKI Omnibus Saint-Germain-en-Laye Marne-La-Vallée Chessy
0%
A QLAS Direct entre Neuilly-Plaisance et Noisy-Le-Grand Mont d'Est Saint-Germain-en-Laye Marne-La-Vallée Chessy
0%
A OGIR Direct entre Noisiel et Torcy Saint-Germain-en-Laye Torcy
0%
A OJIV Direct entre Neuilly-Plaisance et Noisy-Le-Grand Mont d'Est Saint-Germain-en-Laye Torcy
0%
A OTTA Direct entre Noisy-Champs et Lognes Saint-Germain-en-Laye Torcy
0%
A OURS Semi-direct, ne s'arrête pas à Neuilly-Plaisance et Lognes Saint-Germain-en-Laye Torcy
0%
C SLOM Direct entre Brétigny et Juvisy et entre Juvisy et Bibliothèque-François-Mitterrand Saint-Martin-d'Etampes Saint-Quentin-en-Yvelines
0%
C DELI Direct entre Brétigny et Juvisy et entre Juvisy et Bibliothèque-François-Mitterrand Saint-Quentin-en-Yvelines Dourdan
0%
C DEBO Direct entre Juvisy et Bibliothèque-François-Mitterrand. Plusieurs provenances possibles, indiquez n'importe laquelle. Saint-Quentin-en-Yvelines / Invalides / Musée d'Orsay Dourdan-la-Forêt
0%
B ENNE Direct entre Cité Universitaire et Bourg-la-Reine Saint-Rémy-lès-Chevreuse Aéroport Charles-de-Gaulle 2
0%
B EPAF ; EPAU ; EPAV ; EPEE ; EPIN ; EPLA ; EPOI ; EPOL ; EPOU Direct entre Cité Universitaire et Bourg-la-Reine, entre Antony et Massy-Palaiseau et entre Bourg-la-Reine et La Croix de Berny Saint-Rémy-lès-Chevreuse Aéroport Charles-de-Gaulle 2
0%
B QLIK ; QLOC Direct entre Le Guichet et Palaiseau, entre Antony et Massy-Palaiseau et entre Bourg-la-Reine et La Croix de Berny Saint-Rémy-lès-Chevreuse La Plaine-Stade de France
0%
B ICAR ; ICOR Direct entre Cité Universitaire et Bourg-la-Reine, entre Antony et Massy-Palaiseau et entre Bourg-la-Reine et La Croix de Berny Saint-Rémy-lès-Chevreuse Mitry-Claye
0%
B IJEL ; IJUR Direct entre Le Guichet et Massy - Palaiseau, entre Antony et Massy-Palaiseau et entre Bourg-la-Reine et La Croix de Berny Saint-Rémy-lès-Chevreuse Mitry-Claye
0%
B ISOL Direct entre Antony et Massy-Palaiseau et entre Bourg-la-Reine et La Croix de Berny Saint-Rémy-lès-Chevreuse Mitry-Claye
0%
B STAR ; STIN ; STOC ; STOP ; STRI Omnibus Saint-Rémy-lès-Chevreuse Robinson
0%
H AOGA Omnibus Sarcelles-Saint-Brice Paris-Nord
0%
A UBAL ; UBOS Omnibus Torcy Cergy-Le-Haut
0%
A BABY Direct entre Val de Fontenay et Bry-sur-Marne Torcy La Défense
0%
A BLOK Semi-direct, ne s'arrête pas à Lognes et Neuilly-Plaisance Torcy La Défense
0%
A BRIN Semi-direct, ne s'arrête pas à Neuilly-Plaisance et Noisiel Torcy La Défense
0%
A XTAZ Omnibus Torcy Le Vésinet - Le Pecq
0%
A TRAM ; TROC Omnibus Torcy Poissy
0%
A YPER Semi-direct, ne s'arrête pas à Lognes et Neuilly-Plaisance Torcy Rueil-Malmaison
0%
A YROC Direct entre Nanterre-Université et La Défense Torcy Rueil-Malmaison
0%
A ZARA Direct entre Noisiel et Torcy Torcy Saint-Germain-en-Laye
0%
E NATU Direct entre Noisy-Le-Sec et Val de Fontenay et entre Val de Fontenay et Villiers-sur-Marne Le Plessis-Trévise. Tournan Nanterre - La Folie
0%
E NUTU Direct entre Val de Fontenay et Rosa-Parks et entre Val de Fontenay et Villiers-sur-Marne Le Plessis-Trévise Tournan Nanterre - La Folie
0%
H AREV Semi-direct, ne s'arrête pas à Saint-Denis et Champ de courses d'Enghien Valmondois Paris-Nord
0%
H AVOL Omnibus Valmondois Paris-Nord
0%
H AREV Semi-direct, ne s'arrête pas à Saint-Denis, La Barre - Ormesson et Champ de courses d'Enghien Valmondois Paris-Nord
0%
D RUPO Semi-direct, ne s'arrête pas à Villeneuve-Triage et Le Vert de Maisons. Villiers-le-Bel-Gonesse-Arnouville Corbeil-Essonnes
0%
D RUVE Semi-direct, ne s'arrête pas à Villeneuve-Triage et Le Vert de Maisons, via la Vallée Villiers-le-Bel-Gonesse-Arnouville Corbeil-Essonnes
0%
E NOVY Omnibus Villiers-sur-Marne Le Plessis-Trévise Nanterre - La Folie
0%
Aucun quiz correspondant
Distribution des résultats
% des personnes avec chaque résultat
Percentile par nombre de réponses
Votre historique - résultats
Vous n’avez pas pris ce quiz depuis la dernière actualisation